| 000 | 00402nam a2200145 a 4500 | ||
|---|---|---|---|
| 001 | 2931 | ||
| 003 | CDMR | ||
| 005 | 20130116135237.0 | ||
| 008 | 130130s1967||||||||||||||||||||||||||||d | ||
| 040 |
_aCDMR _bcat _cCDMR |
||
| 100 | 1 |
_aGuerrero Martin, José _92153 |
|
| 245 | 1 | 0 |
_aNacimiento y vida del segundo diario más antiguo del mundo... _cJosé Guerrero Martin |
| 260 |
_aBarcelona _c1967 |
||
| 942 | _cTSN | ||
| 999 |
_c2931 _d2931 |
||